[Event "Foment Martinenc op-C 20th"]
[Site "Barcelona"]
[Date "2018.06.02"]
[Round "7"]
[White "Navarro Moya, Piedad"]
[Black "Moya Paredes, Sergi"]
[Result "1-0"]
[WhiteElo "1586"]
[BlackElo "1310"]
[PlyCount "79"]
[EventDate "2018.04.21"]
[EventType "swiss"]
[EventRounds "9"]
[EventCountry "ESP"]
[SourceTitle "CBM 184 Extra"]
[Source "ChessBase"]
[SourceDate "2018.06.28"]
[SourceVersion "1"]
[SourceVersionDate "2018.06.28"]
[SourceQuality "1"]

1. e4 e5 2. Nf3 Nc6 3. d4 d6 4. Bb5 a6 5. Ba4 Qf6 6. d5 b5 7. Bb3 Nd4 8. Nxd4 exd4 9. 0-0 Nh6 10. h3 Be7 11. Nd2 0-0 12. Nf3 Bb7 13. c4 c6 14. a4 cxd5 15. cxd5 Rac8 16. Bd2 d3 17. Ba5 Qxb2 18. Qxd3 Bd8 19. Bb4 a5 20. Ba3 Rc3 21. Bxb2 Rxd3 22. Bc2 Rxf3 23. gxf3 bxa4 24. Rxa4 Bf6 25. Ba3 Re8 26. Rxa5 g6 27. Rb1 Bc8 28. Ra8 Kg7 29. Rbb8 Bd7 30. Rxe8 Bxe8 31. Rxe8 Ng8 32. Bxd6 Kh6 33. Rxg8 Kh5 34. Kg2 g5 35. e5 Bxe5 36. Bxe5 Kh4 37. Bf6 Kh5 38. Rxg5+ Kh6 39. Rg4 Kh5 40. Rh4# 1-0

[Event "Foment Martinenc op-C 20th"]
[Site "Barcelona"]
[Date "2018.05.05"]
[Round "3"]
[White "Navarro Moya, Piedad"]
[Black "Mestres Vilahur, Lluis"]
[Result "0-1"]
[WhiteElo "1586"]
[BlackElo "1779"]
[PlyCount "108"]
[EventDate "2018.04.21"]
[EventType "swiss"]
[EventRounds "9"]
[EventCountry "ESP"]
[SourceTitle "CBM 184 Extra"]
[Source "ChessBase"]
[SourceDate "2018.06.28"]
[SourceVersion "1"]
[SourceVersionDate "2018.06.28"]
[SourceQuality "1"]

1. e4 e6 2. Nc3 c5 3. Nf3 Nc6 4. Bc4 a6 5. a3 b5 6. Ba2 g6 7. 0-0 Bg7 8. Ne2 Nge7 9. c3 Bb7 10. d3 d5 11. exd5 Nxd5 12. c4 Nde7 13. Rb1 b4 14. b3 0-0 15. Re1 a5 16. a4 Nf5 17. Bb2 Ncd4 18. Nexd4 Nxd4 19. Nxd4 cxd4 20. Bc1 Qc7 21. Qg4 f5 22. Qh4 Qc6 23. f3 Rae8 24. Bg5 e5 25. Rbc1 e4 26. dxe4 fxe4 27. Rxe4 Rxe4 28. fxe4 Qxe4 29. Qxe4 Bxe4 30. Bb1 Bc6 31. Bd3 Re8 32. Rf1 Re6 33. Bd8 Re3 34. Bc2 Re2 35. Rf2 Re5 36. Bb6 g5 37. h3 h6 38. Kh2 Re3 39. Bg6 Be5+ 40. g3 Bxg3+ 41. Kg1 Bxf2+ 42. Kxf2 Rxb3 43. Bxd4 Rxh3 44. Bf5 Rh4 45. Be6+ Kf8 46. Bc5+ Ke8 47. Kg3 Bxa4 48. Bb6 b3 49. Bf5 Rxc4 50. Bg6+ Kd7 51. Bf5+ Kc6 52. Bxa5 b2 53. Bd2 Bc2 54. Be6 Ra4 0-1

[Event "Foment Martinenc op-C 18th"]
[Site "Barcelona"]
[Date "2016.06.11"]
[Round "8"]
[White "Navarro Moya, Piedad"]
[Black "Rodriguez Collado, Alex"]
[Result "1-0"]
[WhiteElo "1700"]
[BlackElo "1773"]
[PlyCount "93"]
[EventDate "2016.04.23"]
[EventType "swiss"]
[EventRounds "9"]
[EventCountry "ESP"]
[SourceTitle "EXT 2017"]
[Source "ChessBase"]
[SourceDate "2016.10.25"]
[SourceVersion "1"]
[SourceVersionDate "2016.10.25"]
[SourceQuality "1"]

1. e4 e5 2. Nf3 Nc6 3. Nc3 Nf6 4. Bb5 Bc5 5. 0-0 0-0 6. d3 d6 7. Bg5 h6 8. Bd2 Bg4 9. Qc1 Bxf3 10. gxf3 Nd4 11. Qd1 c6 12. Bc4 b5 13. Bb3 a5 14. Ne2 a4 15. Nxd4 Bxd4 16. c3 Bb6 17. Bc2 d5 18. Kh1 Kh8 19. Qe2 Nh5 20. f4 Nxf4 21. Bxf4 exf4 22. Qf3 dxe4 23. Qxe4 Qd5 24. d4 Qxe4+ 25. Bxe4 Rac8 26. Bg2 g5 27. Rad1 g4 28. f3 g3 29. hxg3 fxg3 30. f4 f5 31. Rf3 Rg8 32. Re1 Rce8 33. Rfe3 Rc8 34. Re6 h5 35. Rh6+ Kg7 36. Rxh5 Kg6 37. Rg5+ Kf6 38. Rxg8 Rxg8 39. Bxc6 Rg4 40. Bxb5 Rxf4 41. Kg2 Rg4 42. d5 f4 43. Re6+ Kf5 44. Be2 Rg6 45. Bd3+ Kg4 46. Rxg6+ Kh4 47. Rxb6 1-0